Countries and Capitals of South-Eastern Europe - Statistics

General Stats
  • This quiz has been taken 108 times
  • The average score is 21 of 30
Answers on the Map
Answers color-coded by a green-red scale on the quiz's map according to % correct below.
 
Answer Stats
Answer % Correct
Romania
84%
Bulgaria
80%
Croatia
80%
Moldova
80%
Bosnia and Herzegovina
79%
Hungary
79%
North Macedonia
79%
Serbia
79%
Austria
77%
Kosovo
77%
Slovakia
77%
Albania
75%
Slovenia
75%
Montenegro
74%
Vienna
74%
Zagreb
72%
Bucharest
69%
Sofia
69%
Bratislava
67%
Budapest
67%
Ljubljana
66%
Sarajevo
66%
Belgrade
62%
Chisinau
62%
Skopje
62%
Tirana
62%
Liechtenstein
61%
Pristina
61%
Podgorica
56%
Vaduz
49%
No matching quizzes found
Score Distribution
Percent of People with Each Score
Percentile by Number Answered
Your Score History
You have not taken this quiz